Statistics for Municipalities of Kewaunee County, Wisconsin

Click here to take the quiz!

General Stats

  • This quiz has been taken 25 times
  • The average score is 10 of 15

Answers on the Map

Answers color-coded by a green-red scale on the quiz's map according to % correct below.
 

Answer Stats

Answer% Correct
City of Kewaunee
88%
Town of Carlton
88%
Town of Casco
88%
Town of West Kewaunee
88%
Village of Casco
88%
City of Algoma
75%
Town of Franklin
75%
Town of Luxemburg
75%
Village of Luxemburg
75%
Town of Red River
50%
Census Designated Place of Dyckesville
38%
Town of Ahnapee
38%
Town of Montpelier
38%
Town of Lincoln
25%
Town of Pierce
25%

Score Distribution

Percentile by Number Answered

Percent of People with Each Score

Your Score History

You have not taken this quiz